000 01061nam a2200361 a 4500
003 AR-BaBNM
005 20251128203806.0
008 082120s2002 ||||||||||||||000 | spa||
040 _cAR-BaBNM
100 1 _aDurand, Georges
245 0 0 _aEl adolescente y los deportes
250 _a2ª ed.
260 _aBarcelona
_bLuis Miracle
_c1962
300 _a137 p.
490 0 _aPAIDEIA. Biblioteca práctica de pedagogía, psicología y psicopatología de la infancia
_vv. 18
500 _aContiene referencias bibliográficas en notas a pie de página
650 4 _aDEPORTE
650 4 _aADOLESCENCIA
650 4 _aDESARROLLO FISICO
650 4 _aDESARROLLO AFECTIVO
650 4 _aDEPORTISTAS
650 4 _aEDUCACION FISICA
650 4 _aFORMACION DE DOCENTES
650 4 _aGIMNASIA
650 4 _aACTIVIDADES DEPORTIVAS
650 4 _aACTIVIDADES FISICAS
651 4 _aEspaña
700 1 _aGil Novales, Ramón
_etraductor
800 1 _aHeuyer, Georges
_edirector
800 1 _aJoulia, Pierre
_edirector
942 _cBK
998 _cSILVI
999 _c4960
_d4960